Brawl Stars: Epic Brawlers (2) - Statistics

General Stats
  • This quiz has been taken 7 times
  • The average score is 24 of 29
Answer Stats
Hint Answer % Correct
Epic Bo
100%
Epic Berry
100%
Epic Bibi
100%
Epic Emz
100%
Epic Frank
100%
Epic Shade
100%
Epic Bea
86%
Epic Belle
86%
Epic Bonnie
86%
Epic Colette
86%
Epic Edgar
86%
Epic Gale
86%
Epic Griff
86%
Epic Larry & Lawrie
86%
Epic Piper
86%
Epic Stu
86%
Epic Angelo
71%
Epic Ash
71%
Epic Grom
71%
Epic Hank
71%
Epic Lola
71%
Epic Maisie
71%
Epic Mandy
71%
Epic Meeple
71%
Epic Nani
71%
Epic Pam
71%
Epic Sam
71%
Epic Trunk
71%
Epic Pearl
57%
No matching quizzes found
Score Distribution
Percent of People with Each Score
Percentile by Number Answered
Your Score History
You have not taken this quiz